| 000 | 00894nam a22002177a 4500 | ||
|---|---|---|---|
| 999 |
_c7177 _d7177 |
||
| 003 | AR-CdUCM | ||
| 008 | 190320b ||||| |||| 00| 0 spa d | ||
| 040 |
_aMUNICIPALIDAD PROVINCIAL DEL CUSCO _cBIBLIOTECA MUNICIPAL DEL CUSCO |
||
| 041 | _hger | ||
| 082 |
_a634.956 / _bB85 |
||
| 100 |
_aBrumm, F. _920235 |
||
| 245 | _aLa multiplicación de las frondosas y de las coníferas / | ||
| 260 |
_aBarcelona : _bBlume, _c1970. |
||
| 300 |
_a139 páginas ; _bIlustraciones, _c21 cm. |
||
| 500 | _aTitulo original: Vermehrung der laub-und nadelgeholze. | ||
| 505 | _aLa reproducción generativa de las especies leñosas -- La reproducción vegetativa de las especies leñosas -- El empleo de las sustancias activadoras del crecimiento en la multiplicación de las plantas leñosas ... | ||
| 650 |
_aReforestación _920236 |
||
| 700 |
_aBurchards, O. _920237 |
||
| 942 |
_2ddc _cLIBROS |
||
| 945 | _aacv | ||